| 000 | 00503nam a22001937a 4500 | ||
|---|---|---|---|
| 003 | BUBTL | ||
| 008 | 170511b xxu||||| |||| 00| 0 eng d | ||
| 082 | _a677.028FOM | ||
| 100 |
_91181 _aFox,Thomas W. |
||
| 245 | _aThe Mechanism Of Weaving | ||
| 250 | _a2nd | ||
| 260 |
_aBombay _bUniversal Publishing _cc1977 |
||
| 300 |
_a[xxii],589p. _bills. _c21cm. |
||
| 650 | 0 |
_9909 _aTextile Engineering |
|
| 760 | _b2nd | ||
| 856 |
_k0 _l0 _yDownload |
||
| 942 |
_2ddc _cBK |
||
| 999 |
_c5441 _d5441 |
||